Avertissement aux propriétaires ou Lettre a M. Considérat, redacteur de la phalange, sur une Défense de la propriété / (Record no. 162644)

MARC details
000 -LEADER
campo de control de longitud fija 00888cam a22002295i 4500
001 - NÚMERO DE CONTROL
campo de control 162644
003 - IDENTIFICADOR DE NÚMERO DE CONTROL
campo de control ES-MaACL
005 - FECHA Y HORA DE LA ÚLTIMA TRANSACCIÓN
campo de control 20250727062616.0
008 - DATOS DE LONGITUD FIJA--INFORMACIÓN GENERAL
campo de control de longitud fija 041124s1842 fr |||| | fre d
040 ## - FUENTE DE CATALOGACIÓN
Centro catalogador/agencia de origen CAM
Lengua de catalogación spa
Centro/agencia transcriptor CAM
Centro/agencia modificador CCPB
100 1# - ENTRADA PRINCIPAL--NOMBRE DE PERSONA
Nombre de persona Proudhon, Pierre-Joseph.
9 (RLIN) 94052
245 10 - MENCIÓN DEL TÍTULO
Título Avertissement aux propriétaires ou Lettre a M. Considérat, redacteur de la phalange, sur une Défense de la propriété /
Mención de responsabilidad, etc. par P.-J. Proudhon.
260 ## - PUBLICACIÓN, DISTRIBUCIÓN, ETC.
Lugar de publicación, distribución, etc. Paris :
Nombre del editor, distribuidor, etc. Librairie de Prévot ;
Lugar de publicación, distribución, etc. Besançon :
Nombre del editor, distribuidor, etc. chez l'auteur,
Fecha de publicación, distribución, etc. 1841 (
Fabricante Imprimerie de P.-J. Proudhon)
300 ## - DESCRIPCIÓN FÍSICA
Extensión 115 p. ;
Dimensiones 18 cm.
596 ## - NOTA AL PIE DE IMPRENTA
NOTA AL PIE DE IMPRENTA Texto fechado en 1842.
650 04 - PUNTO DE ACCESO ADICIONAL DE MATERIA--TÉRMINO DE MATERIA
Término de materia o nombre geográfico como elemento de entrada Propiedad.
9 (RLIN) 16476
650 07 - PUNTO DE ACCESO ADICIONAL DE MATERIA--TÉRMINO DE MATERIA
Término de materia o nombre geográfico como elemento de entrada Socialismo
Fuente del encabezamiento o término embne
9 (RLIN) 17147
740 01 - ENTRADA AGREGADA--TÍTULO RELACIONADO/ANALÍTICO NO CONTROLADO
Título relacionado o analítico no controlado Lettre a M. Considérat sur une Défense de la propriété.
752 ## - ENTRADA AGREGADA--NOMBRE JERÁRQUICO DEL LUGAR
País o entidad superior Francia -
Ciudad París
852 ## - LOCALIZACIÓN
Ubicación ES-MaACL
Número de control de estantería G-8539(3)
Nota libre -- Enc. hol.
Holdings
Estatus retirado Estado de pérdida Estado de daño No para préstamo Colección Biblioteca de origen Biblioteca actual Ubicación en estantería Fecha de adquisición Fuente de adquisición Total de préstamos Signatura topográfica completa Código de barras Visto por última vez Precio de reemplazo Tipo de ítem Koha
        Libros del s. XIX Biblioteca del Ateneo de Madrid Biblioteca del Ateneo de Madrid Sala Pecera Planta 3 17/01/2008     G-8539(3) 1170394 23/02/2023 23/02/2023 Libro impreso antiguo